00911nam a22001812a 4500008004100000020001800041050002400059100002600083245007200109250001800181260003600199300003900235490004100274500002400315505035300339650001400692700002300706130314s2012 mx |||| |||| 00| 0 spa d a978968240464104aBF311 bN4518 r2012 aNeisser, Ulriceautor10aPsicología cognoscitiva c/ Ulric Neisser ; tr. Serafín Mercado aReimpresión aMéxico b: Trillas c, r2012 a393 páginas b: il. c; 23 cm.  aBiblioteca técnica de psicología aReimpresión, 2012 aCognición visual Almacenamiento iconico Codificación verbal Reconocimiento de pautas Atención focal y la sintesis de figuras Palabras como pautas visuales Memoria visual Cognición auditiva Percepción del lenguaje Percepción del lenguaje Memoria ecoica y la atencion auditiva Memoria verbal activa Oraciones Procesos mentales superiores. aCOGNICION aMercado, Serafín